书目信息 |
| 题名: |
电子系统设计与实战
|
|
| 作者: | 薛小铃 编著 | |
| 分册: | ||
| 出版信息: | 北京 高等教育出版社 2015 |
|
| 页数: | 409页 | |
| 开本: | 26cm | |
| 丛书名: | ||
| 单 册: | ||
| 中图分类: | TN02 | |
| 科图分类: | ||
| 主题词: | 电子系统--系统设计--高等学校--教材 | |
| 电子资源: | ||
| ISBN: | 978-7-04-043239-8 | |
| 000 | 01243nam0 2200253 450 | |
| 001 | 0103637848 | |
| 005 | 20151202150647.0 | |
| 010 | @a978-7-04-043239-8@dCNY43.70 | |
| 100 | @a20151013d2015 em y0chiy0120 ea | |
| 101 | 0 | @achi |
| 102 | @aCN@b110000 | |
| 105 | @aa z 000yy | |
| 106 | @ar | |
| 200 | 1 | @a电子系统设计与实战@9Dian Zi Xi;Ji Tong She Ji Yu Shi Zhan @eC8051F单片机+FPGA控制版@f薛小铃编著@b专著 |
| 210 | @a北京@c高等教育出版社@d2015 | |
| 215 | @a409页@c图@d26cm | |
| 300 | @a高等学校电子系统设计系列教材 全国大学生电子设计竞赛系列教材 | |
| 330 | @a本书内容由导读、模拟系统设计、单片机应用系统设计、现代数字(FPGA)系统设计和综合系统设计五部分组成,各系统后面安排有相应的设计训练题。全书主要包含:运放基础,程控放大器和波形变换电路设计,模拟滤波器快速设计,高速数据转换模块设计;高级8051单片机C8051F020快速入门,键盘、显示和存储模块设计,C8051F020单片机应用系统设计实例;FPGA快速入门,现代数字(FPGA)系统设计实例;简易数字频率计,正弦信号发生器,红外光通信装置。 | |
| 517 | 1 | @aC8051F单片机+FPGA控制版@9C8051F dan pian ji +FPGA kong zhi ban |
| 606 | 0 | @a电子系统@x系统设计@x高等学校@j教材 |
| 690 | @aTN02@v5 | |
| 701 | 0 | @a薛小铃@4编著@9xue xiao ling |
| 801 | 0 | @aCN@bAZmarc@c20230902 |
| 905 | @aBZT@dTN02@e2@f1@sTN02/2 | |
| 电子系统设计与实战:C8051F单片机+FPGA控制版/薛小铃编著.-北京:高等教育出版社,2015 |
| 409页:图;26cm |
| 高等学校电子系统设计系列教材 全国大学生电子设计竞赛系列教材 |
| ISBN 978-7-04-043239-8:CNY43.70 |
| 本书内容由导读、模拟系统设计、单片机应用系统设计、现代数字(FPGA)系统设计和综合系统设计五部分组成,各系统后面安排有相应的设计训练题。全书主要包含:运放基础,程控放大器和波形变换电路设计,模拟滤波器快速设计,高速数据转换模块设计;高级8051单片机C8051F020快速入门,键盘、显示和存储模块设计,C8051F020单片机应用系统设计实例;FPGA快速入门,现代数字(FPGA)系统设计实例;简易数字频率计,正弦信号发生器,红外光通信装置。 |
| ● |
| 相关链接 |
|
|
|
正题名:电子系统设计与实战
索取号:TN02/2
 
预约/预借
| 序号 | 登录号 | 条形码 | 馆藏地/架位号 | 状态 | 备注 |
| 1 | 2000007673 | 2000007673 | 旧书回溯/ [索取号:TN02/2] | 在馆 |